Osobný pohovor je šanca
Všeobecné pravidlá pri prijímacom pohovore. Štruktúra pohovoru. Správanie sa pri pohovore. Úroveň pohovoru.
Enregistré dans:
| Auteur principal: | |
|---|---|
| Format: | Chapitre de livre |
| Langue: | slovaque |
| Sujets: | |
| Tags: |
Pas de tags, Soyez le premier à ajouter un tag!
|
MARC
| LEADER | 00000naa a2200000 4500 | ||
|---|---|---|---|
| 001 | r038253 | ||
| 005 | 20230920071034.5 | ||
| 041 | 0 | |a slo | |
| 044 | |a SK | ||
| 245 | 1 | 0 | |a Osobný pohovor je šanca |c Ivan Polakovič |
| 520 | |a Všeobecné pravidlá pri prijímacom pohovore. Štruktúra pohovoru. Správanie sa pri pohovore. Úroveň pohovoru. | ||
| 610 | 2 | 0 | |a psychológia práce |
| 610 | 2 | 0 | |a rozhovor |
| 610 | 2 | 0 | |a zamestnávatelia |
| 610 | 2 | 0 | |a správanie |
| 610 | 2 | 0 | |a vzťahy neformálne |
| 610 | 2 | 0 | |a vzťahy medziľudské |
| 100 | 1 | |a Polakovič, Ivan | |